000 00299nam a22001337a 4500
008 170127b xxu||||| |||| 00| 0 eng d
020 _a9780517596104
041 _aeng
080 _23RD
_a61
100 _a3
101 _aSHM
245 _aCOMPLETE HOME MEDICAL GUIDE
_cTAPLEY, D.F
942 _2udc
_cBK
999 _c3930
_d3930